000 00643nam a2200253Ia 4500
003 OSt
005 20221005083158.0
006 a|||||r|||| 00| 0
007 ta
008 221004b |||||||| |||| 00| 0 eng d
020 _a818567406X
024 _a41771
037 _cTextual
040 _aCRL
_cCRL
_beng
041 _2eng
_aeng
082 _aO111,3N16,1, N3
100 _aGargi Balwant
245 0 _aPurple moon light
260 _aNew Delhi
_bUBSPD India
_c1993
300 _a190p
_ccm.
650 _aENGLISH LITERATURE
942 _hO111,3N16,1, N3
_cTEXL
_2cc
999 _c990398
_d990398